| 000 | 00878nam a22001937a 4500 | ||
|---|---|---|---|
| 999 |
_c63886 _d63886 |
||
| 003 | Ge_BSU | ||
| 005 | 20260212104647.0 | ||
| 008 | 260212s1976 ge ||||| |||| 00| 0 geo d | ||
| 041 | _ageo | ||
| 080 | _a658.562 გ-12 | ||
| 100 |
_aგაბისონია, ამირან _925893 |
||
| 245 |
_aხარისხი, მოგება, რენტაბელობა / _cამირან გაბისონია. |
||
| 264 |
_aთბილისი : _b საბჭ. საქართველო, _c1976. |
||
| 300 |
_a65 გვ. ; _b19 სმ. |
||
| 490 | _aსკკპ XXV ყრილობა. შეჯიბრება, ეფექტიანობა, ხარისხი | ||
| 653 | _aპროდუქციის ხარისხი. მოგება | ||
| 653 | _aრენტაბელობა | ||
| 942 |
_2udc _cᲬᲘᲒᲜᲘ |
||